<?xml version="1.0" encoding="UTF-8"?>
<marc:record xmlns:marc="http://www.loc.gov/MARC21/slim">
   <marc:leader>00000nam a2200000 a 4500</marc:leader>
   <marc:datafield ind1="1" ind2=" " tag="100">
      <marc:subfield code="a">Benedikta, Schwester</marc:subfield>
      <marc:subfield code="4">aut</marc:subfield>
      <marc:subfield code="e">Verfasser/-in</marc:subfield>
   </marc:datafield>
   <marc:datafield ind1="1" ind2=" " tag="100">
      <marc:subfield code="a">Hürlimann, Esther</marc:subfield>
      <marc:subfield code="4">aut</marc:subfield>
      <marc:subfield code="e">Verfasser/-in</marc:subfield>
   </marc:datafield>
   <marc:datafield ind1=" " ind2=" " tag="653">
      <marc:subfield code="a">Inspiration</marc:subfield>
   </marc:datafield>
   <marc:datafield ind1=" " ind2=" " tag="653">
      <marc:subfield code="a">Hinwendung zu Gott</marc:subfield>
   </marc:datafield>
   <marc:datafield ind1=" " ind2=" " tag="653">
      <marc:subfield code="a">Rückzug</marc:subfield>
   </marc:datafield>
   <marc:datafield ind1="0" ind2="0" tag="245">
      <marc:subfield code="a">Licht auf meinem Pfad</marc:subfield>
   </marc:datafield>
   <marc:datafield ind1="0" ind2="0" tag="245">
      <marc:subfield code="b">Autobiografie einer Einsiedlerin</marc:subfield>
   </marc:datafield>
   <marc:datafield ind1="0" ind2="0" tag="245">
      <marc:subfield code="c">Schwester Benedikta ; Esther Hürlimann</marc:subfield>
   </marc:datafield>
   <marc:datafield ind1=" " ind2="1" tag="264">
      <marc:subfield code="a">Wiesbaden</marc:subfield>
      <marc:subfield code="b">Orell Füssli</marc:subfield>
      <marc:subfield code="c">2015</marc:subfield>
   </marc:datafield>
   <marc:datafield ind1="1" ind2=" " tag="520">
      <marc:subfield code="a">Als Kind in einer Adoptivfamilie durchlebt Schwester Benedikta eine schwierige Zeit. In ihrer Jugend begleiten sie Selbstzweifel, Drogen und Depressionen. Sie absolviert eine Ausbildung als Atemtherapeutin, spielt Theater und heiratet schließlich. In ihrem Alltag funktioniert sie und erfüllt gegen aussen die erwarteten Rollen, erst als Tochter und Schülerin, später als Ehefrau und Mutter von vier Kindern. In ihrem Buch Licht auf meinem Pfad, erzählt Schwester Benedikta ihre eindrückliche Lebensgeschichte. Sie berichtet von ihrem langen, oftmals steinigen Weg bis zur Entscheidung, sich vom weltlichen Leben zu verabschieden, das Familienleben aufzulösen und sich gänzlich Gott hinzuwenden. Seit 2014 lebt Schwester Benedikta als Einsiedlerin in der Verenaschlucht bei Solothurn in der Schweiz. Sie singt öffentlich in der St. Martins-Kapelle der viel besuchten Schlucht die Mittagshore und ist mittlerweile über die Kantonsgrenzen hinaus bekannt. In der Einsiedelei hat Schwester Benedikta ein neues Leben im Einklang mit sich selbst gefunden. Das Buch Licht auf meinemPfad, ist im Orell Füssli Verlag Zürich erschienen, es ist ein Selbstporträt einer unkonventionellen Frau, die Suchende ermutigt und Ihnen aufzeigt, dass man seinen Platz im Leben finden kann.</marc:subfield>
   </marc:datafield>
   <marc:datafield ind1=" " ind2=" " tag="020">
      <marc:subfield code="a">9783280055892</marc:subfield>
      <marc:subfield code="9">9783280055892</marc:subfield>
   </marc:datafield>
   <marc:datafield ind1=" " ind2=" " tag="020">
      <marc:subfield code="a">328005589X</marc:subfield>
      <marc:subfield code="9">328005589X</marc:subfield>
   </marc:datafield>
   <marc:datafield ind1=" " ind2=" " tag="300">
      <marc:subfield code="a">188 S.</marc:subfield>
   </marc:datafield>
</marc:record>
